000 01120nas a2200301 i 4500
001 1622
003 ES-MaACL
005 20251002201341.0
007 t|
008 950801c1913 sp | | 1 ||pa d
022 _a0210-5640
080 _a796.52
245 0 0 _aPeñalara :
_brevista ilustrada de alpinismo : órgano de la Real Sociedad Española de Alpinismo Peñalara /
_cdir., Constancio Bernaldo de Quirós.
246 3 _aPeñalara (Madrid)
260 _aMadrid :
_bReal Sociedad Española de Alpinismo Peñalara,
_c1913- (
_fS. Aguirre)
300 _a10 v. :
_bil. ;
_c22 cm.
310 _aMensual
362 0 _aN. 1 (oct. 1913)-
500 _aEn los años 1922 y 1934 no figura la numeración de los tomos de la revista.
650 4 _aDeportes.
_911591
650 4 _aMontañismo.
_9139850
700 1 _aBernaldo de Quirós, Constancio,
_d1873-1959
_928215
700 1 _aDelgado Úbeda, Julián,
_d1895-1962
_943490
710 2 _aReal Sociedad Española de Alpinismo Peñalara
_96392
852 4 _aES-MaACL
_jHem-896
866 0 _o1917-20,1922-34(1935f.en.)(1936).
999 _c1622
_d1622